|
|
|
|
| LEADER |
01702nam a2200409 a 4500 |
| 001 |
EBC730834 |
| 003 |
MiAaPQ |
| 005 |
20200520144314.0 |
| 006 |
m o d | |
| 007 |
cr cn||||||||| |
| 008 |
110721s2011 enka sb 000 0 eng d |
| 020 |
|
|
|z 9780857245595
|
| 020 |
|
|
|a 9780857245601 (electronic bk.)
|
| 035 |
|
|
|a (MiAaPQ)EBC730834
|
| 035 |
|
|
|a (Au-PeEL)EBL730834
|
| 035 |
|
|
|a (CaPaEBR)ebr10482208
|
| 035 |
|
|
|a (CaONFJC)MIL316033
|
| 035 |
|
|
|a (OCoLC)745977999
|
| 040 |
|
|
|a MiAaPQ
|c MiAaPQ
|d MiAaPQ
|
| 050 |
|
4 |
|a BF637.N4
|b N44 2011
|
| 245 |
0 |
0 |
|a Negotiation and groups
|h [electronic resource] /
|c edited by Elizabeth A. Mannix, Margaret A. Neale, Jennifer R. Overbeck.
|
| 250 |
|
|
|a 1st ed.
|
| 260 |
|
|
|a Bingley, U.K. :
|b Emerald,
|c 2011.
|
| 300 |
|
|
|a xiii, 259 p. :
|b ill.
|
| 490 |
1 |
|
|a Research on managing groups and teams,
|x 1534-0856 ;
|v v. 14
|
| 504 |
|
|
|a Includes bibliographical references.
|
| 505 |
0 |
|
|a pt. 1. Broad dynamics of negotiation in group contexts -- pt. 2. Focused process dynamics in group negotiation -- pt. 3. New directions in research on negotiation and groups -- pt. 4. Synthesis and implications.
|
| 533 |
|
|
|a Electronic reproduction. Ann Arbor, MI : ProQuest, 2015. Available via World Wide Web. Access may be limited to ProQuest affiliated libraries.
|
| 650 |
|
0 |
|a Negotiation.
|
| 650 |
|
0 |
|a Social groups.
|
| 655 |
|
4 |
|a Electronic books.
|
| 700 |
1 |
|
|a Mannix, Elizabeth A.
|
| 700 |
1 |
|
|a Neale, Margaret Ann.
|
| 700 |
1 |
|
|a Overbeck, Jennifer R.
|
| 710 |
2 |
|
|a ProQuest (Firm)
|
| 830 |
|
0 |
|a Research on managing groups and teams ;
|v v. 14.
|
| 856 |
4 |
0 |
|u https://ebookcentral.proquest.com/lib/matrademy/detail.action?docID=730834
|z Click to View
|